UBT Library

Hohe und chronische inflation : (Record no. 272)

000 -LEADER
fixed length control field 00631nam a22001937a 4500
008 - FIXED-LENGTH DATA ELEMENTS--GENERAL INFORMATION
fixed length control field 131112b xxu||||| |||| 00| 0 ger d
020 ## - INTERNATIONAL STANDARD BOOK NUMBER
International Standard Book Number 3854283601
041 0# - LANGUAGE CODE
Language code of text/sound track or separate title ger
080 ## - UNIVERSAL DECIMAL CLASSIFICATION NUMBER
Universal Decimal Classification number 336.748.12
100 1# - Rafti
Rafti Wehinger, Gert
245 10 - TITLE STATEMENT
Title Hohe und chronische inflation :
Statement of responsibility, etc Gert Wehinger
260 ## -
-- Wien :
-- Service Fachverlag ;
-- 1996.
300 ## -
-- 458 f. :
-- 24 cm.
490 ## -
-- Forschungsergebnisse der wirtschaftsyniversitat wien
500 ## -
-- Vorwort : f. 9-10
505 ## -
-- Literaturverzeichnis : f. 437-458
650 #0 -
-- Inflacioni
942 ## - ADDED ENTRY ELEMENTS (KOHA)
Source of classification or shelving scheme
Item type Books
Holdings
Withdrawn status Lost status Source of classification or shelving scheme Damaged status Not for loan Collection code Permanent location Current location Shelving location Date acquired Total Checkouts Full call number Barcode Date last seen Koha item type
          Koleksioni i përgjithshem UBT - Prishtine UBT - Prishtine Koleksioni i përgjithshem 11/12/2013   336.748.12 WEH 001-000325 11/12/2013 Books
          Koleksioni i përgjithshem UBT - Prishtine UBT - Prishtine Koleksioni i përgjithshem 11/12/2013   336.748.12 WEH 001-000326 11/12/2013 Books
          Koleksioni i përgjithshem UBT - Prishtine UBT - Prishtine Koleksioni i përgjithshem 11/12/2013   336.748.12 WEH 001-000327 11/12/2013 Books
UBT Library © 2015-2024. All rights reserved University Education for Business and Technology